000 00515nam a2200193 i 4500
001 bg
100 1 _aDYSZYŃSKI, Jan
245 0 _aMetrologia elektryczna i elektroniczna :
_blaboratorium /
_cJ. Dyszyński.
250 _a[Wyd.2 zm.].
260 _aRzeszów,
_c1982.
650 9 _aElektrotechnika
_xpomiary
650 9 _aElektronika
_xpomiary
655 _aPodręczniki akademickie
040 _cBPK
041 _apol
080 _a621.317(075.8)
942 _cKS
008 s pl f |000 0 pol
999 _c20546
_d20546
856 _uhttp://koha.tu.koszalin.pl/cgi-bin/koha/opac-detail.pl?biblionumber=20546
_yKatalog online BPK